000 00581nam a2200205Ia 4500
005 20260415160348.0
008 008 250505s9999 xx 000 0 eng d
037 _aTextual
040 _aFEDL
_beng
_cFEDL
041 _aeng
_2eng
084 _a150.195 JUN
_qFEDL
100 _aJung C G
245 0 _aContributions to analytial psychology
260 _aLondon, UK
_bKegan Paul, Trench, Trubner and Co. Ltd
_c1928
300 _axi,409p.
365 _aINR
_b16
650 _aPsychology
942 _cTEXL
_h150.195 JUN
999 _c1322120
_d1322120